অভিযাত্রী / (Record no. 9208)
[ view plain ]
| 000 -LEADER | |
|---|---|
| fixed length control field | 00810nam a2200229 a 4500 |
| 001 - CONTROL NUMBER | |
| JCCL Control Number | 9208 |
| 003 - CONTROL NUMBER IDENTIFIER | |
| JCCL marc code | BD-JhCC |
| 005 - DATE AND TIME OF LATEST TRANSACTION | |
| control field | 20180523115431.0 |
| 008 - FIXED-LENGTH DATA ELEMENTS--GENERAL INFORMATION | |
| fixed length control field | 180311s1971 bg |||| ||a| 000 0 ben d |
| 035 ## - SYSTEM CONTROL NUMBER | |
| system control number | (BD-JhCC)9208 |
| 040 ## - CATALOGING SOURCE | |
| Original cataloging agency | BD-JhCC |
| Modifying agency | BD-JhCC |
| 041 ## - LANGUAGE CODE | |
| Language code of Book | ben |
| 082 ## - DEWEY DECIMAL CLASSIFICATION NUMBER | |
| Classification number | 796.5220924 |
| Author mark and Year | MAC 1971 |
| 100 ## - MAIN ENTRY--PERSONAL NAME | |
| Personal name | ম্যাকক্যালাম, জন ডি. |
| 245 ## - TITLE STATEMENT | |
| Title | অভিযাত্রী / |
| Statement of responsibility, etc | জন ডি. ম্যাকক্যালাম, সৈয়দ সিদ্দিক হোসেন (অনুবাদ) |
| 260 ## - PUBLICATION, DISTRIBUTION, ETC. (IMPRINT) | |
| Place of publication, distribution, etc | ঢাকা : |
| Name of publisher, distributor, etc | খোশরোজ কিতাব মহল, |
| Date of publication, distribution, etc | 1971 |
| 300 ## - PHYSICAL DESCRIPTION | |
| Pagination | 140 p. : |
| Dimensions | 20 cm. |
| 650 ## - SUBJECT ADDED ENTRY--TOPICAL TERM | |
| Topical term or geographic name as entry element | Mount Everest |
| Geographic subdivision | Asia |
| 700 ## - ADDED ENTRY--PERSONAL NAME | |
| Personal name | হোসেন, সৈয়দ সিদ্দিক |
| 942 ## - ADDED ENTRY ELEMENTS (KOHA) | |
| Source of classification or shelving scheme | Dewey Decimal Classification |
| Koha item type | Books |
| Source of classification or shelving scheme | Damaged status | Not for loan | Home library | Current library | Shelving location | Date of accession | Cost, normal purchase price | Total Checkouts | Full call number | Barcode | Date last seen | Copy number | Koha item type |
|---|---|---|---|---|---|---|---|---|---|---|---|---|---|
| Dewey Decimal Classification | JCC Rouf Library | JCC Rouf Library | General Stacks | 03/11/2018 | 2.00 | 796.5220924 MAC 1971 | 12301 | 03/11/2018 | C-1 | Books |